书目信息 |
| 题名: |
一粒砂糖里的世界史
|
|
| 作者: | 川北稔 著 ;赵可 译 | |
| 分册: | ||
| 出版信息: | 海口 南海出版公司 2018 |
|
| 页数: | 156页 | |
| 开本: | 21cm | |
| 丛书名: | ||
| 单 册: | ||
| 中图分类: | F416.82-49 | |
| 科图分类: | ||
| 主题词: | 制糖工业--工业史--世界--通俗读物 , 世界史--通俗读物 | |
| 电子资源: | ||
| ISBN: | 978-7-5442-6349-8 | |
| 000 | 01025nam0 2200253 450 | |
| 001 | 012001000512 | |
| 005 | 20140920091301.0 | |
| 010 | @a978-7-5442-6349-8@b精装@dCNY45.00 | |
| 100 | @a20180315d2018 em y0chiy50 ea | |
| 101 | 1 | @achi@cjpn |
| 102 | @aCN@b460000 | |
| 105 | @aa z 000yy | |
| 106 | @ar | |
| 200 | 1 | @a一粒砂糖里的世界史@9Yi Li Sha Tang Li De Shi Jie Shi@f(日)川北稔著@g赵可译 |
| 210 | @a海口@c南海出版公司@d2018 | |
| 215 | @a156页@c图@d21cm | |
| 330 | @a本书是一本以砂糖为独特视角的历史书,展现了相互独立的世界各大洲逐渐联为一体的过程,内容涵盖了中世纪伊斯兰教徒的西进,到十九世纪美洲的独立运动,尤其集中讲述了十六、十七世纪砂糖大量生产和普及的过程中,非洲黑奴的悲惨命运,加勒比海地区的社会变迁,以及欧洲生活方式的变化、政治力量的角力。 | |
| 606 | 0 | @a制糖工业@x工业史@y世界@j通俗读物 |
| 606 | 0 | @a世界史@j通俗读物 |
| 690 | @aF416.82-49@v5 | |
| 701 | 0 | @c(日)@a川北稔@9Chuan Bei Ren@4著 |
| 702 | 0 | @a赵可@9Zhao Ke@4译 |
| 801 | 0 | @aCN@b上海新华@c20180901 |
| 905 | @b1041793-97@dF416.82-49@e18@f5 | |
| 一粒砂糖里的世界史/(日)川北稔著/赵可译.-海口:南海出版公司,2018 |
| 156页:图;21cm |
| ISBN 978-7-5442-6349-8(精装):CNY45.00 |
| 本书是一本以砂糖为独特视角的历史书,展现了相互独立的世界各大洲逐渐联为一体的过程,内容涵盖了中世纪伊斯兰教徒的西进,到十九世纪美洲的独立运动,尤其集中讲述了十六、十七世纪砂糖大量生产和普及的过程中,非洲黑奴的悲惨命运,加勒比海地区的社会变迁,以及欧洲生活方式的变化、政治力量的角力。 |
| ● |
| 相关链接 |
|
|
|
|
正题名:一粒砂糖里的世界史
索取号:F416.82-49/18
 
预约/预借
| 序号 | 登录号 | 条形码 | 馆藏地/架位号 | 状态 | 备注 |
| 1 | 1041793 | 210417930 | 第一样本阅览室/ [索取号:F416.82-49/18] | 在馆 | |
| 2 | 1041794 | 210417949 | 经管系资料室/ [索取号:F416.82-49/18] | 在馆 | |
| 3 | 1041795 | 210417958 | 第一借阅区/ [索取号:F416.82-49/18] | 在馆 | |
| 4 | 1041796 | 210417967 | 第一借阅区/ [索取号:F416.82-49/18] | 在馆 | |
| 5 | 1041797 | 210417976 | 第一借阅区/ [索取号:F416.82-49/18] | 在馆 |